| 000 | 01669nam0a2200337 4500 | ||
|---|---|---|---|
| 001 | RU\NLR\BIBL_A\011508486 | ||
| 005 | 20260409064338.0 | ||
| 010 |
_a9785725329469 _9100 |
||
| 021 |
_aRU _b2017-73573 _95248 |
||
| 035 | _a(RuMoRGB)009397742 | ||
| 035 | _a(NLR Aleph) 011508486 | ||
| 090 |
_a12032360 _c12032360 |
||
| 100 | _a20171027d2017 u y0rusy50 ca | ||
| 101 | 0 | _arus | |
| 102 | _aRU | ||
| 105 | _aa zzzz000|1yy | ||
| 200 | 1 |
_aСкандинавская ходьба: история развития, исследования пользы и методологические основы _eучебное пособие _fМинистерство образования и науки Российской Федерации, Байкальский государственный университет _g[Н. В. Казанцева и др.] |
|
| 210 |
_aИркутск _cИзд-во БГУ _d2017 |
||
| 215 |
_a101 с. _cил. _d21 |
||
| 320 | _aБиблиогр.: с. 100-101 (17 назв.) и в подстроч. примеч. | ||
| 606 |
_aСкандинавская ходьба _jУчебные издания _92232830 _3RU\NLR\AUTH\6601572370 |
||
| 686 |
_aЧ516.84ходьба.я73-1 _2rubbk |
||
| 686 |
_aР354.1113я73-1 _2rubbk |
||
| 686 | 1 | _aЧ517.116скандинавская.я7 | |
| 702 | 1 |
_aКазанцева _bН. В. _gНадежда Владимировна _4220 |
|
| 712 | 0 | 2 |
_4570 _aБайкальский государственный университет _cИркутск _9510205 _3RU\NLR\AUTH\880422718 |
| 942 | _cBOOK | ||
| 980 | _aNBR | ||